Indus journey : (Record no. 549718)
[ view plain ]
| 000 -LEADER | |
|---|---|
| fixed length control field | 00578cam a2200181 a 4500 |
| 020 ## - INTERNATIONAL STANDARD BOOK NUMBER | |
| International Standard Book Number | 0701135271 : |
| 082 00 - DEWEY DECIMAL CLASSIFICATION NUMBER | |
| Classification number | 954.91 |
| Author Mark | IMR |
| -- | L-NUST, P-42 |
| 100 1# - MAIN ENTRY--PERSONAL NAME | |
| Personal name | Khan, Imran, |
| 9 (RLIN) | 18825 |
| 245 10 - TITLE STATEMENT | |
| Title | Indus journey : |
| Remainder of title | a personal view of Pakistan / |
| Statement of responsibility, etc. | Imran Khan ; photographs by Mike Goldwater. |
| 260 ## - PUBLICATION, DISTRIBUTION, ETC. | |
| Place of publication, distribution, etc. | London : |
| Name of publisher, distributor, etc. | Chatto & Windus, |
| Date of publication, distribution, etc. | 1990. |
| 300 ## - PHYSICAL DESCRIPTION | |
| Extent | 144 p. : |
| Other physical details | col. ill., col. map ; |
| Dimensions | 31 cm. |
| 500 ## - GENERAL NOTE | |
| General note | Includes index. |
| 526 ## - STUDY PROGRAM INFORMATION NOTE | |
| Program name | 0 |
| Interest level | 0 |
| Reading level | 0 |
| Title point value | 954_910000000000000_IMR |
| 590 ## - LOCAL NOTE (RLIN) | |
| Local note | In English. |
| 650 ## - SUBJECT ADDED ENTRY--TOPICAL TERM | |
| Topical term or geographic name entry element | NUST |
| 9 (RLIN) | 6342 |
| 700 1# - ADDED ENTRY--PERSONAL NAME | |
| Personal name | Goldwater, Mike. |
| 9 (RLIN) | 46368 |
| 942 ## - ADDED ENTRY ELEMENTS (KOHA) | |
| Source of classification or shelving scheme | |
| Koha item type | Book |
| Withdrawn status | Lost status | Source of classification or shelving scheme | Damaged status | Not for loan | Permanent Location | Current Location | Date acquired | Total Checkouts | Full call number | Barcode | Date last seen | Price effective from | Koha item type |
|---|---|---|---|---|---|---|---|---|---|---|---|---|---|
| Military College of Engineering (MCE) | Military College of Engineering (MCE) | 10/13/2014 | 954.91 IMR | MCE-44403 | 10/13/2014 | 10/13/2014 | Book |
